| 000 | 00000nam 2200000za 4500 |
| 001 | 9.808269 |
| 003 | CaOODSP |
| 005 | 20230208125810 |
| 007 | cr ||||||||||| |
| 008 | 160608s2016 onc o f000 0 eng d |
| 020 | |a978-0-660-04072-1 |
| 040 | |aCaOODSP|beng |
| 043 | |an-cn--- |
| 086 | 1 |aPS4-69/2016E-PDF |
| 245 | 00|aVictims of crime |h[electronic resource] : |bstaying informed. |
| 260 | |a[Ottawa] : |bPublic Safety Canada, |cc2016. |
| 300 | |aii, 23 p. |
| 500 | |aIssued also in French under title: Les victimes d’actes criminels se tiennent au courant. |
| 500 | |aThe catalogue number (PS4-69/2016) and ISBN (978-0-660-04071-4) for the bilingual print edition have been copied in this electronic publication. |
| 530 | |aIssued also in print. |
| 692 | 07|2gccst|aVictims |
| 692 | 07|2gccst|aCrime |
| 710 | 1 |aCanada. |bPublic Safety Canada. |
| 775 | 08|tLes victimes d'actes criminels se tiennent au courant |w(CaOODSP)9.808271 |
| 775 | 08|t[Victims of crime |w(CaOODSP)9.808277 |
| 775 | 08|t[Victims of crime |w(CaOODSP)9.808285 |
| 775 | 08|t[Victims of crime |w(CaOODSP)9.808291 |
| 775 | 08|t[Victims of crime |w(CaOODSP)9.808917 |
| 775 | 08|t[Victims of crime |w(CaOODSP)9.808925 |
| 775 | 08|t[Victims of crime |w(CaOODSP)9.808931 |
| 775 | 08|t[Victims of crime |w(CaOODSP)9.808936 |
| 775 | 08|t[Victims of crime |w(CaOODSP)9.808992 |
| 775 | 08|t[Victims of crime |w(CaOODSP)9.808999 |
| 775 | 08|t[Victims of crime |w(CaOODSP)9.809016 |
| 775 | 08|t[Victims of crime |w(CaOODSP)9.809024 |
| 775 | 08|t[Victims of crime |w(CaOODSP)9.809028 |
| 775 | 08|t[Victims of crime |w(CaOODSP)9.809032 |
| 775 | 08|t[Victims of crime |w(CaOODSP)9.829273 |
| 775 | 08|t[Victims of crime |w(CaOODSP)9.847356 |
| 775 | 08|t[Victims of crime |w(CaOODSP)9.848577 |
| 775 | 08|t[Victims of crime |w(CaOODSP)9.808940 |
| 775 | 08|t[Victims of crime |w(CaOODSP)9.829270 |
| 776 | 0#|tVictims of crime |w(CaOODSP)9.808267 |
| 794 | |tVictims of crime : |w(CaOODSP)9.891662 |
| 856 | 40|qPDF|s196 KB|uhttps://publications.gc.ca/collections/collection_2016/sp-ps/PS4-69-2016-eng.pdf |